[Event "Cairo-B"]
[Site "Cairo"]
[Date "1997.??.??"]
[Round "8"]
[White "Yasseen, Aly"]
[Black "Mohamed, Farag Amrou"]
[Result "1/2-1/2"]
[WhiteElo "2370"]
[BlackElo "2365"]
[PlyCount "77"]
[EventDate "1997.03.26"]
[Source "ChessBase"]

1. e4 e5 2. Nf3 Nc6 3. Bb5 a6 4. Ba4 f5 5. Bxc6 dxc6 6. Nc3 Nf6 7. Qe2 fxe4 8.
Nxe4 Bg4 9. d3 Be7 10. Nxf6+ gxf6 11. h3 Bh5 12. g4 Bg6 13. Nh4 Qd5 14. O-O
O-O-O 15. f4 Bc5+ 16. Be3 e4 17. dxe4 Qxe4 18. Rae1 Bxe3+ 19. Qxe3 Qxe3+ 20.
Rxe3 Bxc2 21. Re6 h5 22. g5 fxg5 23. fxg5 Rhg8 24. g6 Rd6 25. Rff6 Rxe6 26.
Rxe6 Kd7 27. Rf6 Rg7 28. Rf2 Bb1 29. Rg2 Ke6 30. Rg5 Kf6 31. Rxh5 Bxa2 32. Rf5+
Ke6 33. Rf1 Bc4 34. Rf3 Bd5 35. Rf4 Ke5 36. Rf5+ Ke6 37. Rf4 Ke5 38. Rf5+ Ke6
39. Rf4 1/2-1/2

[Event "Bucharest TICC"]
[Site "Bucharest"]
[Date "1997.??.??"]
[Round "?"]
[White "Vasiesiu, Dan"]
[Black "Florescu, Codrut"]
[Result "1/2-1/2"]
[WhiteElo "2420"]
[BlackElo "2300"]
[PlyCount "81"]
[EventDate "1997.??.??"]
[Source "www.chesslib.no"]
[SourceDate "2004.05.04"]

1. e4 e5 2. Nf3 Nc6 3. Bb5 a6 4. Ba4 f5 5. d4 exd4 6. e5 Bc5 7. c3 dxc3 8. Nxc3
Nge7 9. O-O d5 10. Bg5 Be6 11. Rc1 Ba7 12. Bxe7 Qxe7 13. Nxd5 Qd7 14. Nf4 Rd8
15. Qe2 Ke7 16. Bxc6 bxc6 17. Ng5 Bd5 18. Qxa6 Ra8 19. Qa3+ Kd8 20. Qg3 Kc8 21.
e6 Qe7 22. Nf7 Be4 23. Nxh8 g5 24. Ne2 f4 25. Qc3 Qxe6 26. Nd4 Qg4 27. Nf3 Bd4
28. Qb3 Bd5 29. h3 Qd7 30. Qd3 Bxh8 31. Rfe1 Kb7 32. Rc4 Bf6 33. Rb4+ Kc8 34.
Qe2 Rxa2 35. Nh2 Bc3 36. Qe8+ Qxe8 37. Rxe8+ Kd7 38. Rbb8 Ra1+ 39. Nf1 Bf6 40.
b3 Rb1 41. Re2 1/2-1/2

[Event "Cassovia op"]
[Site "Kosice"]
[Date "1997.??.??"]
[Round "?"]
[White "Vesselovsky, Serguei"]
[Black "Sikula, Vaszilij"]
[Result "1-0"]
[WhiteElo "2445"]
[BlackElo "2250"]
[PlyCount "53"]
[EventDate "1997.??.??"]
[Source "www.chesslib.no"]
[SourceDate "2004.05.04"]

1. e4 e5 2. Nf3 Nc6 3. Bb5 a6 4. Ba4 f5 5. d4 exd4 6. e5 Bc5 7. O-O Nge7 8. Bb3
d5 9. exd6 Qxd6 10. Re1 h6 11. Nbd2 b5 12. a4 Bb7 13. axb5 axb5 14. Rxa8+ Bxa8
15. Qe2 d3 16. cxd3 Bd4 17. Be6 Kd8 18. Nb3 Rf8 19. Nbxd4 Nxd4 20. Nxd4 Qxd4
21. Bd2 b4 22. Bc4 Nc6 23. Bxb4 Rh8 24. Bc3 Qd7 25. Qe6 Qxe6 26. Bxe6 Re8 27.
Bxg7 1-0

[Event "Novokuznetsk Autumn op"]
[Site "Novokuznetsk"]
[Date "1997.??.??"]
[Round "?"]
[White "Leisle, D."]
[Black "Melnikov, Boris"]
[Result "1/2-1/2"]
[WhiteElo "2165"]
[BlackElo "2265"]
[PlyCount "104"]
[EventDate "1997.??.??"]
[Source "www.chesslib.no"]
[SourceDate "2004.05.04"]

1. e4 e5 2. Nf3 Nc6 3. Bb5 a6 4. Ba4 f5 5. d4 exd4 6. e5 Bc5 7. O-O Nge7 8. Bb3
d5 9. exd6 Qxd6 10. Ng5 Nd8 11. Re1 h6 12. Nh3 Ne6 13. Qh5+ g6 14. Qh4 Bb4 15.
Bd2 Bxd2 16. Nxd2 b5 17. Bxe6 Bxe6 18. Qf6 Kd7 19. Nf4 Bc4 20. Rxe7+ Qxe7 21.
Qxe7+ Kxe7 22. Nxg6+ Kf6 23. Nxh8 Rxh8 24. Nb3 Bxb3 25. axb3 Ra8 26. Kf1 c5 27.
Ke2 Re8+ 28. Kd3 Re6 29. Ra5 Ke5 30. g3 f4 31. c4 dxc3 32. bxc3 fxg3 33. hxg3
Kf5 34. c4 Rb6 35. Ke3 h5 36. f3 Re6+ 37. Kf2 Rb6 38. Ke2 Re6+ 39. Kf1 Rb6 40.
Kf2 Ke5 41. Ke3 Kf5 42. g4+ hxg4 43. fxg4+ Ke5 44. g5 Kf5 45. Kf3 Ke5 46. Kg4
Kd4 47. Kf5 bxc4 48. bxc4 Kxc4 49. g6 Kd4 50. g7 Rb8 51. Rxa6 c4 52. Rd6+ Ke3
1/2-1/2

[Event "Villalba op"]
[Site "?"]
[Date "1997.??.??"]
[Round "9"]
[White "Moreno Carnero Javier"]
[Black "Lopez de Turiso Jose Angel"]
[Result "1-0"]
[WhiteElo "2370"]
[BlackElo "2170"]
[PlyCount "93"]
[EventDate "1997.??.??"]
[Source "www.chesslib.no"]
[SourceDate "2004.05.04"]

1. e4 e5 2. Nf3 Nc6 3. Bb5 a6 4. Ba4 f5 5. Bxc6 dxc6 6. Nc3 Nf6 7. Qe2 Bd6 8.
d4 Qe7 9. Bg5 O-O 10. exf5 exd4 11. Qxe7 Bxe7 12. Nxd4 Bb4 13. Bxf6 Rxf6 14.
O-O-O Bxc3 15. bxc3 Bxf5 16. Rhe1 Bg6 17. f3 Re8 18. Rxe8+ Bxe8 19. Re1 Kf7 20.
Re5 g6 21. c4 Rd6 22. c3 b6 23. c5 Rd5 24. Rxd5 cxd5 25. cxb6 cxb6 26. Kd2 Kf6
27. Ke3 Ke5 28. f4+ Kd6 29. Nf3 Kc5 30. Ne5 Kb5 31. Kd4 Ka4 32. Kxd5 Ka3 33.
Nc4+ Kxa2 34. Nxb6 Kb3 35. c4 Bf7+ 36. Kd4 a5 37. c5 a4 38. Nxa4 Kxa4 39. Ke5
Kb5 40. Kd6 Be8 41. g4 h5 42. gxh5 gxh5 43. f5 h4 44. f6 h3 45. c6 Kb6 46. c7
Kb7 47. Ke7 1-0

[Event "BL2-N9697"]
[Site "Germany"]
[Date "1997.??.??"]
[Round "?"]
[White "Erler, Rainer"]
[Black "Becker, W."]
[Result "0-1"]
[WhiteElo "2185"]
[BlackElo "2300"]
[PlyCount "179"]
[EventDate "1996.??.??"]
[Source "www.chesslib.no"]
[SourceDate "2004.05.04"]

1. e4 e5 2. Nf3 Nc6 3. Bb5 a6 4. Ba4 f5 5. d4 exd4 6. O-O fxe4 7. Nxd4 Nf6 8.
Bg5 Be7 9. c4 O-O 10. Nc3 Nxd4 11. Qxd4 d6 12. Bc2 c5 13. Qd2 Be6 14. b3 b5 15.
Rad1 bxc4 16. Bxf6 Bxf6 17. Bxe4 Rb8 18. Bd5 Bxd5 19. Qxd5+ Kh8 20. Qxc4 Rb4
21. Qd3 Rd4 22. Qc2 Rxd1 23. Nxd1 Bd4 24. Qc4 a5 25. Qd5 Qf6 26. Qe4 Qf7 27.
Qc2 d5 28. Qd2 Ra8 29. Ne3 a4 30. Nc2 axb3 31. axb3 Bf6 32. Ne3 Rd8 33. Rd1 Bg5
34. Qd3 Bxe3 35. Qxe3 d4 36. Qd3 Rb8 37. Rb1 h6 38. g3 Qb7 39. Qc4 Qb4 40. Qxb4
Rxb4 41. Rc1 Rb5 42. Kf1 Kg8 43. Ke2 Kf7 44. b4 cxb4 45. Kd3 Ke6 46. Kxd4 Rd5+
47. Kc4 Rd2 48. Rf1 Rb2 49. h3 Kf5 50. f4 Rh2 51. g4+ Ke4 52. f5 Rxh3 53. Kxb4
Rf3 54. Re1+ Re3 55. Rf1 Ke5 56. f6 gxf6 57. Rf5+ Ke6 58. Rf4 Rd3 59. Kc4 Rd8
60. Kc3 Kf7 61. Kc4 Kg6 62. Kc5 Rd7 63. Kc6 Re7 64. Kd5 Re5+ 65. Kd4 Kg5 66.
Rf1 Ra5 67. Ke3 Ra3+ 68. Ke2 Ra5 69. Rh1 Kxg4 70. Rxh6 f5 71. Rg6+ Kf4 72. Rb6
Ra2+ 73. Kf1 Kg4 74. Kg1 f4 75. Rb7 Kg3 76. Rg7+ Kf3 77. Rb7 Ra1+ 78. Kh2 Re1
79. Rb3+ Kf2 80. Rb2+ Re2 81. Rb1 f3 82. Ra1 Rb2 83. Ra3 Ke2 84. Ra1 Kf2 85.
Ra3 Re2 86. Rb3 Kf1+ 87. Kg3 f2 88. Rb1+ Re1 89. Rb2 Re3+ 90. Kh2 0-1

[Event "JUG-ch op"]
[Site "Nis"]
[Date "1996.??.??"]
[Round "5"]
[White "Dutreeuw, Marc"]
[Black "Terzic, Goran"]
[Result "1-0"]
[WhiteElo "2385"]
[BlackElo "2295"]
[PlyCount "74"]
[EventDate "1996.??.??"]
[Source "www.chesslib.no"]
[SourceDate "2004.05.04"]

1. e4 Nc6 2. Nf3 e5 3. Bb5 a6 4. Ba4 f5 5. d3 d6 6. Nc3 Nf6 7. O-O b5 8. Bb3
Na5 9. d4 Nxb3 10. axb3 fxe4 11. dxe5 exf3 12. exf6 Qxf6 13. Nd5 Qf7 14. Re1+
Kd7 15. Re3 Bb7 16. c4 Re8 17. Rxf3 Qh5 18. Be3 Be7 19. Qd3 Bd8 20. Rd1 Re5 21.
Rg3 Qf7 22. Bd4 Rg5 23. Rf3 Qh5 24. Bc3 Re8 25. Rh3 Qg4 26. Rg3 Qh5 27. Rxg5
Qxg5 28. Qh3+ Re6 29. Re1 Qg6 30. Nf4 Bxg2 31. Nxg2 Ke7 32. Rxe6+ Qxe6 33.
Qxe6+ Kxe6 34. Bxg7 Bg5 35. f4 Bd8 36. Kf2 d5 37. Ne3 dxc4 1-0

[Event "Oberliga Bayern 9596"]
[Site "Bayern"]
[Date "1995.??.??"]
[Round "?"]
[White "Martin, Thomas"]
[Black "Albert, Thomas"]
[Result "1/2-1/2"]
[WhiteElo "2205"]
[BlackElo "2275"]
[PlyCount "60"]
[EventDate "1995.10.??"]
[Source "www.chesslib.no"]
[SourceDate "2004.05.04"]

1. e4 e5 2. Nf3 Nc6 3. Bb5 a6 4. Ba4 f5 5. d4 exd4 6. Nxd4 Nxd4 7. Qxd4 c5 8.
Qe5+ Qe7 9. Qxe7+ Bxe7 10. c4 fxe4 11. Nc3 Nf6 12. O-O O-O 13. Re1 b5 14. cxb5
d5 15. Bg5 Bb7 16. f3 c4 17. bxa6 Bc5+ 18. Kh1 Rxa6 19. Bb5 Rb6 20. fxe4 Ng4
21. h3 Nf2+ 22. Kh2 Nd3 23. Re2 Bd6+ 24. Kg1 Bc5+ 25. Kh1 Nf2+ 26. Kh2 Bd4 27.
a4 Rg6 28. Be7 Ng4+ 29. Kh1 Nf2+ 30. Kh2 Ng4+ 1/2-1/2

[Event "Oberliga Ost-A 9596"]
[Site "GER"]
[Date "1996.??.??"]
[Round "?"]
[White "Niering, Martin"]
[Black "Winterfeld, Dirk"]
[Result "0-1"]
[WhiteElo "2215"]
[BlackElo "2220"]
[PlyCount "50"]
[EventDate "1995.10.??"]
[Source "www.chesslib.no"]
[SourceDate "2004.05.04"]

1. e4 e5 2. Nf3 Nc6 3. Bb5 a6 4. Ba4 f5 5. d3 fxe4 6. dxe4 d6 7. a3 Nf6 8. Nc3
Bg4 9. Qd3 Bxf3 10. gxf3 Nh5 11. Be3 Be7 12. Bb3 Qd7 13. Nd5 Rf8 14. c3 O-O-O
15. Ba4 Bh4 16. Nb4 b5 17. Qd5 Nb8 18. Qa8 bxa4 19. Ba7 Qb5 20. Bxb8 Kd7 21.
O-O-O Rxb8 22. Qa7 Bg5+ 23. Kb1 Rb7 24. Qxa6 Qxa6 25. Nxa6 Ke6 0-1

[Event "Balatonbereny op"]
[Site "Balatonbereny"]
[Date "1995.??.??"]
[Round "6"]
[White "Madl, Ildiko"]
[Black "Kincs, Imre"]
[Result "1/2-1/2"]
[WhiteElo "2370"]
[BlackElo "2215"]
[PlyCount "50"]
[EventDate "1995.??.??"]
[Source "ChessBase"]

1. e4 e5 2. Nf3 Nc6 3. Bb5 a6 4. Ba4 f5 5. d4 fxe4 6. Nxe5 Nf6 7. O-O Bd6 8. f4
Qe7 9. c3 b5 10. Bc2 Bb7 11. Qe2 O-O-O 12. a4 b4 13. Nd2 Rde8 14. Ndc4 Rhf8 15.
Bd2 Qe6 16. f5 Qe7 17. Nxc6 dxc6 18. Nxd6+ Qxd6 19. Be3 Nd5 20. c4 Nxe3 21.
Qxe3 c5 22. dxc5 Qe5 23. a5 Bc6 24. Bd1 Rd8 25. Be2 Kb7 1/2-1/2

[Event "Zalakaros Open"]
[Site "Zalakaros"]
[Date "1995.??.??"]
[Round "4"]
[White "Kislov, Sergey"]
[Black "Biro, Sandor"]
[Result "0-1"]
[WhiteElo "2355"]
[BlackElo "2320"]
[PlyCount "70"]
[EventDate "1995.??.??"]
[Source "www.chesslib.no"]
[SourceDate "2004.05.04"]

1. e4 e5 2. Nf3 Nc6 3. Bb5 a6 4. Ba4 f5 5. d3 Nf6 6. O-O fxe4 7. dxe4 d6 8. Bg5
Be7 9. Bxf6 Bxf6 10. c3 Bd7 11. Nbd2 Qe7 12. Re1 O-O 13. h3 Kh8 14. Nf1 Qe8 15.
Ng3 Qg6 16. Nh2 Bh4 17. Nhf1 Rf4 18. Re2 Raf8 19. Qe1 h5 20. Bc2 Ne7 21. Ne3
Qg5 22. Ngf5 Bxf5 23. exf5 g6 24. g3 gxf5 25. Kh2 Rg8 26. gxh4 Rxh4 27. Qf1
Qf4+ 28. Kh1 e4 29. Rae1 Nc6 30. Nc4 d5 31. Nd2 Qg4 32. Kh2 Ne5 33. Re3 f4 34.
Rxe4 dxe4 35. Rxe4 Rxh3+ 0-1

[Event "ARAIS tt"]
[Site "Santiago CHI"]
[Date "1994.??.??"]
[Round "?"]
[White "Donoso Velasco, Pedro H"]
[Black "Velasquez Ojeda, Cesar"]
[Result "1-0"]
[WhiteElo "2370"]
[BlackElo "2290"]
[PlyCount "71"]
[EventDate "1994.??.??"]
[Source "www.chesslib.no"]
[SourceDate "2004.05.04"]

1. e4 e5 2. Nf3 Nc6 3. Bb5 a6 4. Ba4 f5 5. d4 exd4 6. e5 Bc5 7. O-O b5 8. Bb3
h6 9. c3 d3 10. Qxd3 Nge7 11. a4 Rb8 12. axb5 axb5 13. Na3 Na5 14. Bc2 Bxa3 15.
Rxa3 Nc4 16. Ra1 Bb7 17. Re1 Be4 18. Qe2 Bxc2 19. Qxc2 O-O 20. b3 Nb6 21. Ba3
Nbd5 22. Rad1 Ra8 23. Bc5 d6 24. exd6 cxd6 25. Bd4 Qd7 26. c4 bxc4 27. bxc4 Nf4
28. c5 Nfd5 29. Qc4 Kh7 30. c6 Qxc6 31. Qxc6 Nxc6 32. Bxg7 Kxg7 33. Rxd5 Rad8
34. Nh4 f4 35. Nf5+ Kg6 36. Nxd6 1-0

[Event "CHI Ch"]
[Site "Santiago CHI"]
[Date "1994.??.??"]
[Round "?"]
[White "Correa, Jaime"]
[Black "Velasquez Ojeda, Cesar"]
[Result "1-0"]
[WhiteElo "2265"]
[BlackElo "2290"]
[PlyCount "127"]
[EventDate "1994.??.??"]
[Source "www.chesslib.no"]
[SourceDate "2004.05.04"]

1. e4 e5 2. Nf3 Nc6 3. Bb5 a6 4. Ba4 f5 5. d3 Nf6 6. O-O fxe4 7. dxe4 d6 8. Re1
Bg4 9. c3 Be7 10. Nbd2 b5 11. Bc2 O-O 12. h3 Bh5 13. Nf1 Kh8 14. Ng3 Bxf3 15.
Qxf3 Nd5 16. Nf5 Nf4 17. Qg4 g6 18. Nxe7 Qxe7 19. Be3 h5 20. Qg3 g5 21. f3 Rg8
22. Bb3 Rg7 23. Bd5 Qd7 24. a4 Rf8 25. axb5 axb5 26. Kh2 Nxd5 27. exd5 Ne7 28.
Rf1 Nf5 29. Qe1 g4 30. fxg4 hxg4 31. Bh6 gxh3 32. Bxg7+ Qxg7 33. gxh3 e4 34.
Rf4 e3 35. Rg4 Qe5+ 36. Kg1 Qxd5 37. Qe2 Qe5 38. Rf1 Kh7 39. Rg5 Ng3 40. Qd3+
Qe4 41. Qxe4+ Nxe4 42. Rh5+ Kg6 43. Rxb5 e2 44. Re1 Ng3 45. Kg2 Nh5 46. Rxh5
Kxh5 47. Rxe2 Rf5 48. Re4 c5 49. b4 cxb4 50. cxb4 Rd5 51. Kf2 Rd2+ 52. Ke3 Rb2
53. h4 Kg6 54. Rf4 Kg7 55. Kd3 d5 56. Kc3 Rb1 57. Rd4 Rc1+ 58. Kb3 Rh1 59. Rxd5
Rxh4 60. Rf5 Kg6 61. Rf3 Rh1 62. Kc4 Rc1+ 63. Kb5 Rc8 64. Ka6 1-0

[Event "Nyiregyhaza Open"]
[Site "Nyiregyhaza"]
[Date "1994.??.??"]
[Round "?"]
[White "Dancs, Zsolt"]
[Black "Biro, Sandor"]
[Result "0-1"]
[WhiteElo "2190"]
[BlackElo "2300"]
[PlyCount "38"]
[EventDate "1994.??.??"]
[Source "www.chesslib.no"]
[SourceDate "2004.05.04"]

1. e4 e5 2. Nf3 Nc6 3. Bb5 a6 4. Ba4 f5 5. Nc3 b5 6. Bb3 b4 7. Bxg8 Rxg8 8. Nd5
fxe4 9. Nxe5 Nxe5 10. Qh5+ Ng6 11. Qxh7 Kf7 12. Qh5 d6 13. Nf4 Qf6 14. Qd5+ Be6
15. Nxe6 Qxe6 16. Qxa8 Nh4 17. d3 d5 18. Be3 Nxg2+ 19. Kf1 Nxe3+ 0-1

[Event "Timisoara women"]
[Site "Timisoara"]
[Date "1994.??.??"]
[Round "10"]
[White "Jicman, Ligia"]
[Black "Vajda, Szidonia"]
[Result "0-1"]
[WhiteElo "2185"]
[BlackElo "2155"]
[PlyCount "80"]
[EventDate "1994.??.??"]
[Source "www.chesslib.no"]
[SourceDate "2004.05.04"]

1. e4 e5 2. Nf3 Nc6 3. Bb5 a6 4. Ba4 f5 5. Nc3 b5 6. Bb3 b4 7. Nd5 fxe4 8. Ng1
d6 9. Ne2 Bg4 10. h3 Bh5 11. Ba4 Qd7 12. Nxb4 Nge7 13. d3 Rb8 14. Nxc6 Nxc6 15.
c3 exd3 16. Qxd3 d5 17. O-O Bc5 18. Bxc6 Qxc6 19. Qf5 Bxe2 20. Qxe5+ Kf7 21.
Qxe2 Rhe8 22. Be3 Kg8 23. Qd2 Bxe3 24. fxe3 Qc5 25. Rf3 c6 26. Raf1 Re4 27. Kh1
Rbe8 28. Qf2 h6 29. Qg3 Rxe3 30. Qg6 R8e6 31. Qf7+ Kh8 32. Rg3 Rxg3 33. Qxe6
Re3 34. Qc8+ Kh7 35. Qxa6 Qd6 36. a4 Qe6 37. Kg1 Qg6 38. Qc8 Re2 39. g4 Rxb2
40. Rf5 Qd6 0-1

[Event "Wch Seniors"]
[Site "Bad Wildbad GER"]
[Date "1993.??.??"]
[Round "7"]
[White "Gurgenidze, Bukhuti I"]
[Black "Pantaleev, Dimitar"]
[Result "1-0"]
[WhiteElo "2370"]
[BlackElo "2250"]
[PlyCount "107"]
[EventDate "1993.11.??"]
[Source "www.chesslib.no"]
[SourceDate "2004.05.04"]

1. e4 e5 2. Nf3 Nc6 3. Bb5 a6 4. Ba4 f5 5. Bxc6 dxc6 6. Nc3 fxe4 7. Nxe4 Nf6 8.
Qe2 Bg4 9. h3 Bxf3 10. Qxf3 Nxe4 11. Qxe4 Qd5 12. d3 Qxe4+ 13. dxe4 Bc5 14. Ke2
O-O-O 15. Bg5 Rd7 16. Bh4 Be7 17. Bg3 Rhd8 18. Rad1 Rxd1 19. Rxd1 Rxd1 20. Kxd1
Bd6 21. Ke2 Kd7 22. Kf3 Ke6 23. Kg4 Bc5 24. h4 b5 25. h5 a5 26. b3 Bb4 27. f3
a4 28. bxa4 bxa4 29. Bf2 Bd6 30. g3 Be7 31. Be3 g6 32. f4 exf4 33. gxf4 Bf6 34.
Bd2 Be7 35. Bc3 Bd8 36. hxg6 hxg6 37. f5+ gxf5+ 38. exf5+ Kf7 39. Be5 Be7 40.
Bxc7 Bf6 41. Kf4 Bd4 42. Be5 Bc5 43. Ke4 Ke7 44. Kd3 Kf7 45. Kc4 Bf8 46. Bd4
Bd6 47. Bc3 Ba3 48. f6 Ke6 49. Bb4 Bb2 50. Be7 Kd7 51. Kb4 a3 52. Kb3 c5 53.
Kc4 Bd4 54. Kd5 1-0

[Event "Cappelle Open"]
[Site "Cappelle la Grande FRA"]
[Date "1993.??.??"]
[Round "1"]
[White "Zadrima, Aldo"]
[Black "Karpatchev, Aleksandr"]
[Result "0-1"]
[WhiteElo "2255"]
[BlackElo "2505"]
[PlyCount "60"]
[EventDate "1993.02.??"]
[Source "www.chesslib.no"]
[SourceDate "2004.05.04"]

1. e4 e5 2. Nf3 Nc6 3. Bb5 a6 4. Ba4 f5 5. d4 fxe4 6. Nxe5 Nf6 7. O-O Bd6 8. f4
exf3 9. Nxf3 O-O 10. Re1 b6 11. c3 Bb7 12. Nbd2 Nd5 13. Bc2 Bf4 14. Ne4 Nce7
15. Neg5 Ng6 16. Bxf4 Ndxf4 17. Bb3+ Kh8 18. d5 Rf5 19. Ne4 Bxd5 20. Bxd5 Rxd5
21. Qb3 h6 22. g3 Rd3 23. Nd4 Nh3+ 24. Kg2 d5 25. Kxh3 Nf4+ 26. Kg4 Qd7+ 27.
Kxf4 Rf8+ 28. Ke5 Re8+ 29. Kf4 g5+ 30. Nxg5 Rf8+ 0-1

[Event "HUN Team Ch"]
[Site "HUN"]
[Date "1993.??.??"]
[Round "?"]
[White "Monda, Laszlo"]
[Black "Berecz, Arpad"]
[Result "1/2-1/2"]
[WhiteElo "2260"]
[BlackElo "2195"]
[PlyCount "88"]
[EventDate "1993.??.??"]
[Source "www.chesslib.no"]
[SourceDate "2004.05.04"]

1. e4 e5 2. Nf3 Nc6 3. Bb5 a6 4. Ba4 f5 5. d3 Nf6 6. Nc3 fxe4 7. dxe4 Bb4 8.
O-O Bxc3 9. bxc3 d6 10. Qd3 O-O 11. Rb1 Kh8 12. c4 Qe7 13. Re1 Nh5 14. c5 Bg4
15. Rxb7 Na5 16. cxd6 Qxd6 17. Qxd6 cxd6 18. Rc7 Rac8 19. Rxc8 Rxc8 20. Ng5 Rc4
21. Be8 Nf6 22. Nf7+ Kg8 23. Nxd6 Rxc2 24. Bf7+ Kf8 25. f3 Bh5 26. Bxh5 Nxh5
27. a3 Nc6 28. Be3 Rc3 29. a4 Ke7 30. Nf5+ Ke6 31. Rc1 Rxc1+ 32. Bxc1 g6 33.
Ne3 Nd4 34. Kf2 Nf4 35. Bd2 Nd3+ 36. Kf1 Kd6 37. Nd5 Kc5 38. Bh6 Nb2 39. Bf8+
Kc4 40. a5 Kb5 41. Bb4 Nc4 42. Bc3 Nxa5 43. Ne7 Kb6 44. Nd5+ Kb5 1/2-1/2

[Event "Gausdal Int"]
[Site "Gausdal NOR"]
[Date "1992.??.??"]
[Round "1"]
[White "Nielsen, Peter Heine"]
[Black "Johnsen, Sverre"]
[Result "1-0"]
[WhiteElo "2420"]
[BlackElo "2220"]
[PlyCount "99"]
[EventDate "1992.08.??"]
[Source "www.chesslib.no"]
[SourceDate "2004.05.04"]

1. e4 e5 2. Nf3 Nc6 3. Bb5 a6 4. Ba4 f5 5. d4 fxe4 6. Nxe5 Bd6 7. Bb3 Bxe5 8.
dxe5 Qe7 9. Nc3 Nxe5 10. Nxe4 Nf6 11. Bg5 Qb4+ 12. Nc3 d6 13. O-O Bg4 14. f3
Bh5 15. Kh1 O-O-O 16. Bxf6 gxf6 17. Nd5 Qh4 18. g3 Qg5 19. Nf4 Rde8 20. Nxh5
Qxh5 21. Qd5 Qg6 22. Rae1 h5 23. f4 Ng4 24. Qf7 Qxf7 25. Bxf7 Ref8 26. Be6+ Kd8
27. h3 Nh6 28. Kg2 f5 29. Bd5 c6 30. Bf3 Nf7 31. Re6 Re8 32. Rfe1 Rxe6 33. Rxe6
Kd7 34. Rf6 Nh6 35. Bxh5 Ke7 36. Rg6 Ng8 37. Bf3 Kd7 38. Rg7+ Ne7 39. g4 Ke6
40. g5 d5 41. Kg3 d4 42. h4 c5 43. h5 c4 44. h6 b5 45. h7 b4 46. g6 d3 47. c3
bxc3 48. bxc3 Nxg6 49. Rxg6+ Kf7 50. Rxa6 1-0

[Event "Roquebrune rapid"]
[Site "Roquebrune"]
[Date "1992.??.??"]
[Round "2"]
[White "Adams, Michael"]
[Black "Piket, Jeroen"]
[Result "0-1"]
[WhiteElo "2590"]
[BlackElo "2615"]
[PlyCount "94"]
[EventDate "1992.02.??"]
[Source "ChessBase"]

1. e4 e5 2. Nf3 Nc6 3. Bb5 a6 4. Ba4 f5 5. Bxc6 dxc6 6. Nxe5 Qd4 7. Nf3 Qxe4+
8. Kf1 Bd7 9. d3 Qe6 10. Bf4 O-O-O 11. Nc3 Nf6 12. Qd2 Bb4 13. Re1 Bxc3 14.
bxc3 Qxa2 15. c4 c5 16. Ne5 Rhe8 17. Qc3 Ba4 18. Rc1 Rd4 19. g3 Nh5 20. Kg2 g5
21. Be3 Rxe5 22. Bxd4 cxd4 23. Qxd4 Bc6+ 24. Kh3 Qa5 25. Ra1 Qc5 26. Qxc5 Rxc5
27. Rhe1 Kd7 28. Re2 Bf3 29. Re3 g4+ 30. Kh4 f4 31. Rxf3 gxf3 32. Kg4 fxg3 33.
hxg3 Nf6+ 34. Kxf3 Rf5+ 35. Ke2 Re5+ 36. Kf3 a5 37. Rh1 a4 38. Ra1 Ra5 39. Ra3
c6 40. g4 b5 41. cxb5 cxb5 42. c3 Nd5 43. Ke4 Nxc3+ 44. Rxc3 b4 45. Rc1 a3 46.
Rh1 a2 47. Rxh7+ Ke8 0-1

[Event "9. DMP I I szach"]
[Site "Lima IX DMP I I szach"]
[Date "1992.??.??"]
[Round "?"]
[White "Borys, Romuald"]
[Black "Babiak, Jozef"]
[Result "1-0"]
[WhiteElo "2290"]
[BlackElo "2250"]
[PlyCount "51"]
[EventDate "1992.??.??"]
[Source "www.chesslib.no"]
[SourceDate "2004.05.04"]

1. e4 e5 2. Nf3 Nc6 3. Bb5 a6 4. Ba4 f5 5. d4 exd4 6. e5 Bc5 7. O-O Nge7 8. Bb3
d5 9. exd6 Qxd6 10. Re1 h6 11. Nbd2 b5 12. a4 Rb8 13. axb5 axb5 14. Nf1 Kd8 15.
Ng3 Bd7 16. Re2 Kc8 17. Rd2 Rd8 18. c3 Be8 19. Bc2 Qf6 20. cxd4 Nxd4 21. Nxd4
Bxd4 22. Ne2 c5 23. Nxd4 cxd4 24. Bd3 Rd6 25. Re2 Rd5 26. Qe1 1-0

[Event "9. DMP I I szach"]
[Site "Lima IX DMP I I szach"]
[Date "1992.??.??"]
[Round "?"]
[White "Kulczewski, Zygmunt"]
[Black "Babiak, Jozef"]
[Result "1-0"]
[WhiteElo "2220"]
[BlackElo "2250"]
[PlyCount "65"]
[EventDate "1992.??.??"]
[Source "www.chesslib.no"]
[SourceDate "2004.05.04"]

1. e4 e5 2. Nf3 Nc6 3. Bb5 a6 4. Ba4 f5 5. d4 exd4 6. e5 Bc5 7. O-O Nge7 8. c3
dxc3 9. Nxc3 d5 10. Bg5 b5 11. Nxb5 axb5 12. Bxb5 Bb7 13. Rc1 Bb6 14. Bxe7 Kxe7
15. Bxc6 Bxc6 16. Rxc6 Rxa2 17. Qc2 Qa8 18. Rxc7+ Bxc7 19. Qxc7+ Ke8 20. Qxg7
Rf8 21. Qxh7 Qa7 22. Qg6+ Qf7 23. Qc6+ Qd7 24. Qb6 Ra7 25. Qb8+ Ke7 26. Qb4+
Ke8 27. e6 Qb7 28. Qd6 Ra6 29. Qe5 Qc6 30. Nd4 Qd6 31. Qxd6 Rxd6 32. f4 Rb6 33.
b3 1-0

[Event "9. DMP I I szach"]
[Site "Lima IX DMP I I szach"]
[Date "1992.??.??"]
[Round "?"]
[White "Polanski, Jerzy"]
[Black "Babiak, Jozef"]
[Result "1-0"]
[WhiteElo "2290"]
[BlackElo "2250"]
[PlyCount "33"]
[EventDate "1992.??.??"]
[Source "www.chesslib.no"]
[SourceDate "2004.05.04"]

1. e4 e5 2. Nf3 Nc6 3. Bb5 a6 4. Ba4 f5 5. d4 exd4 6. e5 Bc5 7. O-O Nge7 8. Bb3
d5 9. exd6 Qxd6 10. Re1 h6 11. Nbd2 b5 12. a4 Rb8 13. axb5 axb5 14. Nf1 Kd8 15.
c3 Bd7 16. cxd4 Bxd4 17. Re2 1-0

[Event "ESP Team Ch"]
[Site "ESP"]
[Date "1992.??.??"]
[Round "7"]
[White "Barbera Estelles, Rosendo"]
[Black "Perez Pardo, Juan Carlos"]
[Result "1-0"]
[WhiteElo "2260"]
[BlackElo "2345"]
[PlyCount "91"]
[EventDate "1992.??.??"]
[Source "www.chesslib.no"]
[SourceDate "2004.05.04"]

1. e4 e5 2. Nf3 Nc6 3. Bb5 a6 4. Ba4 f5 5. d3 fxe4 6. dxe4 Nf6 7. O-O Bc5 8.
Nc3 O-O 9. Bg5 d6 10. Nd5 Kh8 11. Nh4 Ne7 12. Bxf6 gxf6 13. Qh5 Nxd5 14. Ng6+
Kg7 15. Nxf8 Nf4 16. Qxh7+ Kxf8 17. Qh8+ Ke7 18. Qh7+ Kf8 19. Qh8+ Ke7 20. Qg7+
Ke6 21. Bb3+ d5 22. g3 Nh3+ 23. Kg2 Kd6 24. Rad1 Qe7 25. Rxd5+ Kc6 26. Qxe7
Bxe7 27. f4 Bg4 28. fxe5 Ng5 29. Rf4 Bh3+ 30. Kf2 Be6 31. exf6 Nh3+ 32. Kf3
Nxf4 33. gxf4 Bxf6 34. Rd2 Bxb3 35. cxb3 Rg8 36. e5 Be7 37. Ke4 Rg1 38. Kf5 Rf1
39. Ke6 Bb4 40. Rc2+ Kb6 41. f5 Re1 42. Kf6 Bc5 43. Rc4 Re2 44. h4 Rxb2 45. e6
Bd6 46. Re4 1-0

[Event "Hastings Challengers 9192"]
[Site "Hastings"]
[Date "1991.??.??"]
[Round "?"]
[White "Hennigan, Michael"]
[Black "Bronstein, David I"]
[Result "1-0"]
[WhiteElo "2300"]
[BlackElo "2460"]
[PlyCount "43"]
[EventDate "1991.12.??"]
[Source "ChessBase"]

1. e4 e5 2. Nf3 Nc6 3. Bb5 a6 4. Ba4 f5 5. d3 fxe4 6. dxe4 Nf6 7. O-O d6 8. Re1
b5 9. Bb3 Na5 10. c3 Nxb3 11. Qxb3 g6 12. a4 Rb8 13. axb5 axb5 14. Ra7 Bg7 15.
Na3 Qd7 16. Bg5 Rb6 17. Nd2 Bb7 18. Be3 c5 19. Ndc4 Ra6 20. Nxb5 Rxa7 21.
Nbxd6+ Ke7 22. Bxc5 1-0

[Event "BL2-W 9192"]
[Site "GER"]
[Date "1992.??.??"]
[Round "?"]
[White "Mrva, Martin"]
[Black "Haubt, Georg"]
[Result "0-1"]
[WhiteElo "2345"]
[BlackElo "2285"]
[PlyCount "77"]
[EventDate "1991.10.??"]
[Source "www.chesslib.no"]
[SourceDate "2004.05.04"]

1. e4 e5 2. Nf3 Nc6 3. Bb5 a6 4. Ba4 f5 5. d4 exd4 6. e5 Bc5 7. O-O Nge7 8. Bb3
h6 9. Re1 d5 10. exd6 Qxd6 11. Nbd2 b5 12. a4 Rb8 13. axb5 axb5 14. Nf1 g5 15.
g3 Qf6 16. c3 f4 17. N3d2 Bb6 18. Ne4 Qg6 19. Qe2 Rf8 20. Bc2 Qg7 21. Qxb5 dxc3
22. Nc5 Bd7 23. Kh1 Bxc5 24. Qxc5 cxb2 25. Bxb2 Qxb2 26. Rab1 Qf6 27. Rbd1 Bg4
28. Rd2 Rd8 29. Be4 fxg3 30. Bxc6+ Kf7 31. Bg2 Rxd2 32. Nxd2 gxf2 33. Rf1 Kg8
34. Ne4 Qg7 35. Nxf2 Bf3 36. Qxc7 Bxg2+ 37. Kxg2 Qf7 38. Qg3 Nf5 39. Qd3 0-1